| 000 -LEADER |
| fixed length control field |
00410cam a22001337a 4500 |
| 008 - FIXED-LENGTH DATA ELEMENTS--GENERAL INFORMATION |
| fixed length control field |
180718b1962 xxu||||| |||| 00| 0 eng d |
| 082 ## - DEWEY DECIMAL CLASSIFICATION NUMBER |
| Classification number |
T16x71 M189r |
| 100 ## - MAIN ENTRY--PERSONAL NAME |
| Personal name |
Craig, R. McIvor |
| 245 ## - TITLE STATEMENT |
| Title |
Recent growth in Canadian co-operatives |
| Statement of responsibility, etc. |
by R. Craig McIvor |
| 260 ## - PUBLICATION, DISTRIBUTION, ETC. |
| Place of publication, distribution, etc. |
Toronto |
| Name of publisher, distributor, etc. |
Canadian Tax Foundation |
| Date of publication, distribution, etc. |
1962 |
| 300 ## - PHYSICAL DESCRIPTION |
| Extent |
71,23p. |
| 650 ## - SUBJECT ADDED ENTRY--TOPICAL TERM |
| Topical term or geographic name entry element |
Cooperative Societies - Canada |
| 650 ## - SUBJECT ADDED ENTRY--TOPICAL TERM |
| Topical term or geographic name entry element |
Cooperation - Canada |